The Office Trivia #W - Statistics

General Stats
  • This quiz has been taken 40 times
  • The average score is 8 of 15
Answer Stats
Hint Answer % Correct
Michael dresses as __ __ because of his Golden Ticket idea Willy Wonka
90%
Actor of Dwight Schrute (surname) Rainn Wilson
81%
Michael accidently buys and wears a __ __ Womens suit
81%
Ryans scam website Wuphf.com
74%
Dwight calls the conference room his temporary __ Workspace
61%
Michael and Dwight prepare for the birth of Jans child with a __ Watermelon
58%
When its made public that Sabre printers catch fire, Jo is looking for the __ Whistleblower
58%
Creeds blog set up by Ryan is in truth a __ __ Word document
58%
Michael, Oscar and Andy go on an international business trip to this city Winnipeg
45%
What are the two races Dwight is sexually attracted to? White and Indian
42%
Jan is the CEO of this account called the Scranton __ __ White Pages
42%
Todd Packers license plate says WLHUNG
32%
When Creed goes bankrupt he transfers all his debt to __ __ __ William Charles Schneider
26%
The Booze Cruise takes place on this lake Lake Wallenpaupack
23%
According to him, one of Michaels most important tasks, is manging the __ Warehouse
23%
No matching quizzes found
Score Distribution
Percent of People with Each Score
Percentile by Number Answered
Your Score History
You have not taken this quiz